1216 1447 1160 1283 1057 1968 1080 1200 1858 1574 1574 1668 1035 1465 1411 1153 1524 1354 1514 1834 1194 1587 1553 1104 1915 1743 1284 1493 1788 1928 1580 1827 1682 1789 1818 1767 1422 1287 1140 1387 1069 1544 1540 1674 1995 1527 1683 1679 1534 1561 1089 1364 1682 1488 1042 1878 1004 1466 1458 1873 1742 1026 1752 1790 1173 1638 1680 1775 1652 1183 1137 1807 1483 1687 1412 1393 1959 1578 1125 1997 1720 1561 1635 1760 1598 1982 1005 1879 1060 1429 1124 1626 1242 1793 1572 1665 1422 1691 1561 BCNSPRNW ULIB Ver.6.0+V

เปลี่ยนเป็นภาษาไทย

Change to English
 แสดงรายละเอียดบรรณานุกรม
  กลับหน้าหลัก

Brief Record : Get Marc (ISO 2709) : E-mail record : QR code < ปิดหน้าต่าง
LEADER : 00000nam 2200000uu 4500
001    13399111775
003     ULIB
008    110627s2551||||th 000 0 tha d
020    9789741091379
090    นว.^bB111พ 2551
100 0  Baiboau
245 00 เพลิงแค้นซานตาน = Kiss from satan/^cBaiboau
250    พิมพ์ครั้งที่ 1
260    กรุงเทพฯ :^bปริ๊นเซส,^c2551
300    339 หน้า
945    ^p200^l0^i024468
995    ทศพร
999 ^a ใช้งานได้ทุกระบบ
รายการนี้ยังไม่มีแท็ก
คุณยังไม่ได้ล็อกอิน คุณสามารถมีกิจกรรมร่วมกับเว็บไซต์ได้ แต่ต้องล็อกอินก่อน ::
  ล็อกอิน

รายการสื่อสารสนเทศ

ลำดับที่ ประเภท เลขเรียก/บาร์โค้ด สถานที่ สถานะ
- ไม่พบข้อมูล -

รายการใกล้เคียง
    ผู้แต่ง [Baiboau]

BibComment


ยังไม่เคยถูกคอมเมนท์

คอมเมนท์ทรัพยากรรายการนี้
  คอมเมนท์: เพลิงแค้นซานตาน ..


 Copyright 2026. Bcnsprnw @Library